000 01194nam a2200313 i 4500
003 EG-ScBUE
005 20231012114414.0
008 170702s1996 ua bo f b 000 0bara d
040 _aEG-ScBUE
_bara
_erda
_cEG-ScBUE
_dEG-ScBUE
043 _af-ua---
_aa-sy---
082 0 4 _a923.5
_bح س ن
_222
100 1 _aحسن، حسن إبراهيم،
_eمؤلف.
245 1 0 _aتاريخ عمرو بن العاص /
_cتأليف د. حسن إبراهيم حسن.
264 1 _aالقاهرة :
_bمكتبة مدبولي،
_c1996.
300 _a294 صفحة :
_bخرائط، صور ؛
_c24 سم.
336 _2rdacontent
_aنص
_btxt
337 _2rdamedia
_aبدون وسيط
_bn
338 _2rdacarrier
_aمجلد
_bnc
490 0 _aصفحات من تاريخ مصر ؛
_v34
504 _aيشتمل على إرجاعات ببليوجرافية.
590 _aWessam SAMEH editor
600 0 7 _aعمرو بن العاص.
_2BUEsh
650 7 _aالتاريخ الإسلامي
_yعصر صدر الإسلام، 610-661.
_2BUEsh
650 7 _aالصحابة والتابعون
_vتراجم.
_2BUEsh
651 _2BUEsh
653 _bGGEN
_bBUSBOL
_cJuly2017
655 _vReading book
942 _2ddc
999 _c24961
_d24933